Fontes historiae nubiorum : textual sources for the history of the middle Nile region between the eighth century BC and the sixth century AD /
Other Authors:
Format: Book
Language:
English
Ancient Greek
Ancient Egyptian
Published:
Bergen :
University of Bergen, Dept. of Classics,
1994-2000.
Subjects:
Tags: Add Tag
Call Number: DT159.6 .N83 F657 v.1-4
| LEADER | 01080nam a22002417a 4500 | ||
|---|---|---|---|
| 003 | OSt | ||
| 005 | 20260419110318.0 | ||
| 008 | 260419m19942000no b 000 0 eng d | ||
| 040 | |c ARCE Library | ||
| 041 | 1 | |a eng |a grc |h egy | |
| 043 | |a f-ua--- |a f-sj--- | ||
| 050 | 1 | 4 | |a DT159.6 .N83 |b F657 v.1-4 |
| 245 | 0 | 0 | |a Fontes historiae nubiorum : |b textual sources for the history of the middle Nile region between the eighth century BC and the sixth century AD / |c edited by Tormod Eide ... [et al.]. |
| 264 | 1 | |a Bergen : |b University of Bergen, Dept. of Classics, |c 1994-2000. | |
| 300 | |a 4 volumes ; |c 25 cm. | ||
| 504 | |a Includes bibliographical references. | ||
| 505 | 1 | |g volume 1. |t From the eighth to the mid-fifth century BC -- |g volume 2. |t From the mid-fifth to the first century BC -- |g volume 3. |t From the first to the sixth century AD -- |g volume 4. |t Corrigenda and indices. | |
| 546 | |a Text in English, Greek or transliterated Egyptian. | ||
| 651 | 0 | |a Nubia |x History |x Sources. | |
| 700 | 1 | |a Eide, Tormod, |d 1934- |9 29445 | |
| 901 | |a reviewed | ||
| 942 | |c BK |2 lcc | ||
| 999 | |c 14988 |d 14988 | ||
